Statistics for Top 19 busiest ports in Europe

Click here to take the quiz!

General Stats

  • This quiz has been taken 1,114 times
    (1,089 since last reset)
  • The average score is 8 of 19

Answer Stats

CountryNumber of containersPort% Correct
Netherlands10,783,825Rotterdam
95%
Spain2,033,747Barcelona
89%
Germany9,737,101Hamburg
88%
Belgium8,662,891Antwerp
76%
United Kingdom1,932,000London
70%
Ireland1,931,001Dublin
69%
Spain3,602,112Valencia
69%
Italy1,847,648Genoa
53%
Germany5,488,189Bremen
50%
United Kingdom1,324,581Southampton
40%
France2,215,262le havre
31%
Belgium2,207,257Bruges
27%
Russia2,365,174Saint Petersburg
18%
Spain3,324,310Algeciras
9%
United Kingdom3,251,077Felixstowe
8%
Spain1,287,389Las palmas
5%
Italy2,264,798Gioia Tauro
4%
Italy1,307,274La Spezia
4%
Malta2,360,000Marsaxlokk
2%

Score Distribution

Percentile by Number Answered

Percent of People with Each Score

Your Score History

You have not taken this quiz since the last reset